000 00808nam a2200241 a 4500
001 50786
003 BD-RjUL
005 20211209075550.0
008 160828s1967 enka b 000 0 eng d
035 _a(BD-RjUL)50906
040 _aBD-RjUL
_beng
_cBD-RjUL
_dBD-RjUL
041 _aeng
082 _223
_a428.007
_bHIS 1967
100 1 0 _aHill, L. A.
_q(Leslie Alexander)
_9133007
245 1 0 _aSelected articles on the teaching of English as a foreign language /
_cL. A. Hill
260 _aLondon :
_bOxford University Press,
_cc1967
300 _a142 p. :
_bill. ;
_c20 cm
490 1 _aLanguage and language learning ;
_v13
650 0 _aEnglish language
_xStudy and teaching
_xForeign speakers
_9118368
830 0 _aLanguage and language learning ;
_v13
_9139774
942 _2ddc
_cBK
999 _c50786
_d50786